| 000 | 01426nam a22003135a 4500 | ||
|---|---|---|---|
| 003 | OSt | ||
| 005 | 20170218134228.0 | ||
| 008 | 170218s2015 ua frb 000 0 ara d | ||
| 015 | _a2015 / 1984 | ||
| 040 |
_aEG-ScBUE _bara _cEG-ScBUE |
||
| 043 | _af-ua--- | ||
| 082 | 0 | 4 |
_a342.62066 _bم و ا _222 |
| 100 | 1 | _aموافي، أحمد محمود. | |
| 245 | 1 | 2 |
_aالوسيط الإداري في المنازعات والصيغ الإدارية : _bللدعاوي والطعون والأحكام : معلقا عليها بأراء الفقه والقضاء / _cأحمد محمود موافي. |
| 246 | 3 | 3 |
_aوسيط في القرار الإداري : _bالفقهية والقضائية |
| 250 | _aط. 1. | ||
| 260 |
_aالقاهرة : _bشركة ناس للطباعة، _c2015. |
||
| 300 |
_a740 ص. ؛ _c24 سم. |
||
| 504 | _aيشتمل على إرجاعات ببليوجرافية. | ||
| 610 | 1 | 7 |
_aمصر. _bمجلس الدولة. _2BUEsh |
| 650 | 7 |
_aالمنازعات الإدارية _xقوانين وتشريعات _zمصر. _2BUEsh |
|
| 650 | 7 |
_aالإجراءات الإدارية _xقوانين وتشريعات _zمصر. |
|
| 650 | 7 |
_aالقضاء الإداري _zمصر. _2BUEsh _941077 |
|
| 650 | 7 |
_aالمنازعات الإدارية (فقه إسلامي) _2BUEsh |
|
| 650 | 7 |
_aالإسلام والقضاء الإداري _2BUEsh |
|
| 651 | _2BUEsh | ||
| 653 |
_bLLAAWW _cFebruary2017 |
||
| 942 | _2ddc | ||
| 999 |
_c24188 _d24160 |
||